00326nam a2200133Ia 4500008004100000041000800041082001500049100001700064245002300081250001400104260003500118300003200153365000700185240624s9999 xx 000 0 und d aeng a658.83 LUC aLUCK DAVID J aMARKETING RESEARCH a(7th ed.) c2003aNew DelhibPrentice-Hall axvii, : 683 : p. : cm. ; 24 cRS